Využitie pyramídového rozkladu EVA pre riadenie finančnej výkonnosti podniku

Riadenie výkonnosti podniku a nástroje sústavy ukazovateľov, medzi ktorými existujú veľmi jasné vzťahy a kauzálne väzby. Teoretické a praktické otázky pyramídového rozboru ukazovateľa EVA (Economic value Added) a riadenie finančnej výkonnosti podniku.

Gespeichert in:
Bibliographische Detailangaben
1. Verfasser: Volčko, Ivan
Format: Buchkapitel
Sprache:Slowakisch
Schlagworte:
Tags: Tag hinzufügen
Keine Tags, Fügen Sie das erste Tag hinzu!

MARC

LEADER 00000nla$a2200000$$$4500
001 0142193
005 20221025110854.1
041 0 |a slo 
044 |a SK 
245 1 0 |a Využitie pyramídového rozkladu EVA pre riadenie finančnej výkonnosti podniku  |c Ivan Volčko 
520 |a Riadenie výkonnosti podniku a nástroje sústavy ukazovateľov, medzi ktorými existujú veľmi jasné vzťahy a kauzálne väzby. Teoretické a praktické otázky pyramídového rozboru ukazovateľa EVA (Economic value Added) a riadenie finančnej výkonnosti podniku. 
610 2 0 |a podnik 
610 2 0 |a riadenie finančné 
610 2 0 |a hospodárenie finančné 
610 2 0 |a výkony podnikové 
610 2 0 |a kapitál podnikový 
610 2 0 |a rentabilita 
610 2 0 |a ukazovatele hodnotové 
100 1 |a Volčko, Ivan